MARC details
| 000 -CABECERA |
| campo de control de longitud fija |
01321nam a2200193 a 4500 |
| 001 - NÚMERO DE CONTROL |
| campo de control |
000048877 |
| 005 - FECHA Y HORA DE LA ÚLTIMA TRANSACCIÓN |
| campo de control |
20201002061458.0 |
| 008 - DATOS DE LONGITUD FIJA--INFORMACIÓN GENERAL |
| campo de control de longitud fija |
190424s2016 dr 000 0 spa d |
| 040 ## - FUENTE DE LA CATALOGACIÓN |
| Centro catalogador/agencia de origen |
DO-SdBNP |
| Lengua de catalogación |
spa |
| Centro/agencia transcriptor |
BNPHU |
| 082 ## - NÚMERO DE LA CLASIFICACIÓN DECIMAL DEWEY |
| Número de clasificación |
xxxx |
| Número de documento/Ítem |
R426c 2016 |
| 110 2# - ENTRADA PRINCIPAL--NOMBRE DE ENTIDAD CORPORATIVA |
| Nombre de entidad corporativa o nombre de jurisdicción como elemento de entrada |
República Dominicana. |
| Unidad subordinada |
[Leyes, etc.] |
| 9 (RLIN) |
11088 |
| 245 10 - MENCIÓN DE TÍTULO |
| Título |
Compendio de normas sobre profesionalización de la función pública : |
| Resto del título |
(Ley de Función Pública y sus reglamentos de aplicación) y ley organica de adminsitracion pública Ley No. 247-12 / |
| Mención de responsabilidad, etc. |
presentación ; Ramón Ventura Camejo. |
| 250 ## - MENCIÓN DE EDICIÓN |
| Mención de edición |
15ta ed. |
| 260 ## - PUBLICACIÓN, DISTRIBUCIÓN, ETC. |
| Lugar de publicación, distribución, etc. |
Santo Domingo : |
| Nombre del editor, distribuidor, etc. |
MAP, |
| Fecha de publicación, distribución, etc. |
2016. |
| 505 0# - NOTA DE CONTENIDO CON FORMATO |
| Nota de contenido con formato |
Presentación -- |
| Título |
Ley No. 41-08 de Función Pública -- |
| -- |
Reglamento de Relaciones Laborales en la Administración Pública No. 523-09 -- |
| -- |
Reglamento de Reclutamiento y Selección de Personal en la Administración Pública No. 251-15 -- |
| -- |
Reglamento de Evaluación del Desempeño y Promoción de los Servidores y Funcionarios de la Administración Pública No. 525-09 -- |
| -- |
Reglamento de Estructuras Organizativa, cargos y política salarial No. 527-09 -- |
| -- |
Ley Orgánica de Administración Pública (Ley No. 247-12)--. |
| 590 ## - NOTA LOCAL (RLIN) |
| Nota local |
Inventariado, 2019/LP |
| 700 1# - PUNTO DE ACCESO ADICIONAL--NOMBRE DE PERSONA |
| Nombre de persona |
Ventura Camejo, Ramón, |
| Término indicativo de función/relación |
present. |
| 9 (RLIN) |
26937 |
| 710 2# - PUNTO DE ACCESO ADICIONAL--NOMBRE DE ENTIDAD CORPORATIVA |
| Nombre de entidad corporativa o nombre de jurisdicción como elemento de entrada |
República Dominicana. |
| Sede del congreso/Lugar de la reunión |
Ministerio de Administración Pública. |
| 9 (RLIN) |
38094 |